000 00584nam a22001697a 4500
082 _a200
100 _aAhmed, Iltaf
245 _aMapping of Genes Involved in Neurological Disorders in Pakistani Families /
_cIltaf Ahmed
260 _aIslamabad:
_bASAB - NUST,
_c2015.
300 _a176 p.: ill.;
_c30cm.
650 _aPhD- Healthcare Biotechnology
_9123891
700 _aSupervisor:Dr. Peter John.
_9123944
856 _u http://10.250.8.41:8080/xmlui/handle/123456789/25426
942 _2ddc
_cSC
999 _c527833
_d527833